00591nam a2200157 a 450000100100000000500170001000800410002704000250006808200160009324501200010926000430022930000210027204900090029395201140030299900170041600001523020200929164005.0100203s1951 ec 001 0 spa d aDO-SdBNPbspacBNPHU axxxxbG575G03aEl gobierno del Sr. Galo Plaza :bpresidente constitucional del Ecuador para el periodo constitucional 1948-1952 /. aQuito :bGráficos Nacionales,c1951. a607 p. ;c21 cm. aBNPD 001050718MOaGRbGRcCTd2010-02-03iLF1l0oxxxx G575Gp15230-10r2020-06-25w2020-06-25y1ZNo se presta c14799d14799